000 00657nam a22001937a 4500
001 2879
003 BD-DhBUF
005 20251201155107.0
008 251201b bg ||||| |||| 00| 0 ben d
020 _a9789849904731
040 _aBD-DhBUF
_cBD-DhBUF
100 _aতুষার, ওয়াহিদ
_94109
245 _aএকা থাকতে শিখুন :
_bদ্য সিক্রেট কোড অব প্রোডাক্টিভিটি /
_c ওয়াহিদ তুষার,
260 _aDhaka :
_bKendrobindu,
_c2024.
300 _a176p. :
_c22cm. ;
526 _aIE
650 _aBengali literature
_9171
942 _2ddc
_cBK
999 _c2879
_d2879